Las evaluaciones regionales de la estrategia internacional de desarrollo

Guardat en:
Dades bibliogràfiques
Autor corporatiu: CEPAL (Autor)
Format: Llibre
Idioma:espanyol
Publicat: Santiago CEPAL-ILPES 1975
Col·lecció:Cuadernos de la CEPAL
Matèries:
Etiquetes: Afegir etiqueta
Sense etiquetes, Sigues el primer a etiquetar aquest registre!

MARC

LEADER 00000nam a2200000 a 4500
001 UCQ0946
003 CL-VaPUC
008 980703e19750000CL |||||||||||||||||spa|d
082 0 4 |a 338.91  |b CEP  |2 21 
110 2 |a CEPAL  |e author  |9 414418 
245 1 4 |a Las evaluaciones regionales de la estrategia internacional de desarrollo 
300 |a 71 p 
942 |c BK 
945 |d 19980703 00:00:00  |a crobeson 
260 |a Santiago  |b CEPAL-ILPES  |c 1975 
650 0 |a Desarrollo económico y social   |9 256320 
650 0 |a Crecimiento económico   |9 314037 
650 0 |a Planificación del desarrollo  |9 326796 
650 0 |a Cambio social   |9 256857 
650 7 |a DESARROLLO DE RECURSOS  |2 CL-VaPUC  |9 414371 
650 7 |a COMERCIO INTERNACIONAL  |2 CL-VaPUC  |9 414419 
650 7 |a SISTEMA MONETARIO INTERNACIONAL  |2 CL-VaPUC  |9 322730 
583 |a last modification  |c 19980703 00:00:00  |k Rodrigo Vera 
490 0 |a Cuadernos de la CEPAL 
999 |c 271973  |d 271971 
952 |0 0  |1 0  |4 0  |6 338_910000000000000_CEP_1975  |7 0  |8 A  |9 306777  |a BIBENE  |b BIBENE  |d 2019-11-20  |i 1429965  |o 338.91 CEP 1975  |p 1429965  |r 2025-01-15  |w 2019-11-20  |y BK  |k ICO 
952 |0 0  |1 0  |4 0  |6 338_910000000000000_CEP_1975  |7 0  |8 A  |9 306778  |a BIBHIS  |b BIBHIS  |d 2019-11-20  |i 1208500  |o 338.91 CEP 1975  |p 1208500  |r 2025-01-20  |w 2019-11-20  |y BK  |k HIS